000 00803nam a2200229Ia 4500
003 CO-CtgCURN
005 20250410172744.0
008 190723s9999 xx 000 0 und d
020 _a9589380530
040 _aCO-CtgCURN
_bspa
_ccoctgcurn
082 _a345.05
_bJ37p
100 _aJaramillo Diaz, Juan Guillermo
245 0 _aProyecto de sistema procesal penal tipo acusatorio /
_cJuan Guillermo Jaramillo Diaz
260 _aBogotá, Colombia :
_bLibreria Juridica Sanchez R Ltda,
_c2004
300 _a117 páginas ;
_c23 centímetros
521 _aAREA PROFESIONAL
590 _aPrograma de Derecho_18
650 _aDerecho penal
650 _aSistema penal acusatorio
942 _cBK
_h345.05
_iJ37p
_2ddc
_n0
999 _c28891
_d28891